=LDR 00000nam 2200000 4500 =001 INLIS000000000006219 =005 20200504112334 =035 ##$$a 0010-061300000006219 =008 200504################g##########0#ind## =041 ##$$a Ind =082 ##$$a 2x3.73 =090 ##$$a 2x3.73, Mif m =100 ##$$a Mifftahuzzaman, H =245 1#$$a Munculnya dajjal : $b Gejolak zaman edan /$c H. Miftahuzzaman =260 ##$$a Solo :$b Aneka,$c 1999 =300 ##$$a 132 hlm. ; $c 20 x 14 cm. =650 #4$$a Dajjal =850 ##$$a NBPNMAT =084 ##$$a 2x3.73 MIF m =990 ##$$a DW00025722 =990 ##$$a 00052510 =990 ##$$a 00052510 =990 ##$$a DW00025722